Wykonawcy zagranicznych piosenek [latwe] - Statystyki

Ogólne statystyki
  • Ten quiz został rozwiązany 725 razy
  • Średni wynik to 8 z 16
Statystyki odpowiedzi
Piosenka Wykonawca % Poprawnych
Waka Waka Shakira
99%
Diamonds Rihanna
85%
Billie Jean Michael Jackson
75%
Faded Alan Walker
70%
What do you mean? Justin Bieber
65%
Bad guy Billie Eilish
62%
Firework Katy Perry
61%
Lose yourself Eminem
55%
Can't stop the feeling Justin Timberlake
52%
Kill em with kindness Selena Gomez
47%
Waiting for love Avicii
43%
Rockstar Post Malone
43%
Thunderstruck AC/DC
41%
Alone Marshmello
15%
Still falling for you Ellie Goulding
12%
Paris Chainsmokers
9%
Nie znaleziono quizów pasujących do podanych kryteriów
Rozkład punktacji
Procent ludzi z każdym wynikiem
Percentyl według liczby udzielonych odpowiedzi
Twoja historia wyników
Nie rozwiązałeś tego quizu